000 00445nam a2200181Ia 4500
008 210210b2011 xxu||||| |||| 00| 0 eng d
020 _a9789381421031
041 _aeng
082 _a574.192 SHAB
100 _aSHARMA (Ashok Kumar)
245 _aBioorganic chemistry
260 _aNew Delhi
_bRandom Publications
_c2011
300 _aviii,288
650 _achemistry
650 _aBioorganic
690 _aBiochemistry
906 _a066860
999 _c149314
_d149314